|
|
|
|
| LEADER |
00000naa0a2200000 4500 |
| 001 |
680977 |
| 005 |
20250702102608.0 |
| 090 |
|
|
|a 680977
|
| 100 |
|
|
|a 20250702d2022 k||y0rusy50 ca
|
| 101 |
0 |
|
|a eng
|
| 102 |
|
|
|a RU
|
| 135 |
|
|
|a drcn ---uucaa
|
| 181 |
|
0 |
|a i
|b e
|
| 182 |
|
0 |
|a b
|
| 183 |
|
0 |
|a cr
|2 RDAcarrier
|
| 200 |
1 |
|
|a Physico-chemical properties of nitrogen-containing biocoatings based on titanium
|f Boytsova E. L., Vinogradova V. A.
|
| 203 |
|
|
|a Текст
|c электронный
|b визуальный
|
| 283 |
|
|
|a online_resource
|2 RDAcarrier
|
| 300 |
|
|
|a Title screen
|
| 320 |
|
|
|a References: 3 tit
|
| 336 |
|
|
|a Текстовый файл
|
| 463 |
|
1 |
|t Advanced High Entropy Materials
|o abstracts of the IV International Conference and School of Young Scientists, Chernogolovka, Russia, September 26-30, 2022
|f Belgorod State University
|c Belgorod
|n LLC "Epicenter"
|d 2022
|v P. 38
|y 978-5-6049183-9-5
|
| 610 |
1 |
|
|a труды учёных ТПУ
|
| 610 |
1 |
|
|a электронный ресурс
|
| 700 |
|
1 |
|a Boytsova
|b E. L.
|c physicist
|c Associate Professor of Tomsk Polytechnic University, Candidate of Technical Sciences
|f 1975-
|g Elena Lvovna
|9 19981
|
| 701 |
|
1 |
|a Vinogradova
|b V. A.
|
| 801 |
|
0 |
|a RU
|b 63413507
|c 20250702
|g RCR
|
| 850 |
|
|
|a 63413507
|
| 856 |
4 |
|
|u https://www.elibrary.ru/item.asp?id=49769864
|z https://www.elibrary.ru/item.asp?id=49769864
|
| 942 |
|
|
|c CF
|